000 00651naa a22002417a 4500
001 56890
003 128043
005 20201118103248.0
008 ||||||n9999 ||| || ||
041 _aspa
245 0 _aRegalias en favor de las entidades territoriales :
_bLey 141 de 1994
260 _aBogotá :
_bEDITL,
_c1997.
300 _app.911-970
562 _e0
650 _aCOLOMBIA
650 _aENTIDADES TERRITORIALES
650 _aFONDO NACIONAL DE REGALIAS
650 _aFUNCIONALIDAD ORGANIZACIONAL
650 _aLEGISLACIÓN
650 _aREGALIAS
773 _055838
_aRegimen municipal y departamental :
942 _cCHAP
999 _c56890
_d56890